|
|
|
|
| LEADER |
00000nab a2200000ua 4500 |
| 001 |
vtls010845011 |
| 003 |
SK-MaSNL |
| 005 |
20260303135818.0 |
| 008 |
230218s1975 xo |||||||||||||||||cze| |
| 035 |
|
|
|a (urnnbn)urn:nbn:sk:snk:ar-a0741h
|
| 035 |
|
|
|a urn:nbn:sk:snk-ab66qh
|
| 035 |
|
|
|a (uuid)bbdc992b-c80e-4348-90c3-8678762a6ec5
|
| 040 |
|
|
|a SNKBUCL
|b slo
|c SNKBUCL
|e AACR2
|
| 041 |
0 |
|
|a cze
|
| 044 |
|
|
|a xo
|c SK
|
| 100 |
1 |
|
|a Žůrková, Ivona
|4 aut
|9 1157549
|
| 245 |
1 |
0 |
|a TĚŽKÉ MINERÁLY V CIĘŻKOWICKÉM PÍSKOVCI GODULSKÉHO PALEOGÉNU SLEZSKÉ JEDNOTKY
|c Ivona Žůrková
|
| 773 |
0 |
|
|t Geologické práce : správy
|g Roč. 63, č. 63 (1975), s. 159-164
|
| 954 |
|
|
|a odborná, vedecká literatúra cudzojazyčná (svetová)
|2 lita
|
| 958 |
|
|
|a OND
|
| 958 |
|
|
|a EUIPO
|
| 958 |
|
|
|a article5
|
| 999 |
|
|
|c 1968014
|d 1969944
|